| 000 | 00337nam a22001337a 4500 | ||
|---|---|---|---|
| 005 | 20230812125642.0 | ||
| 008 | 230812b |||||||| |||| 00| 0 eng d | ||
| 040 | _aLoreto college | ||
| 041 | _aEnglish | ||
| 082 |
_a823 _bEIS |
||
| 245 |
_a Movements and Moments _bIndigene feminisms in the global south |
||
| 850 | _aLCLIB | ||
| 942 | _cBK | ||
| 999 |
_c43396 _d93875 |
||